International rubber forum: 34th assembly Singapore 16-21 Nov 1992 (Record no. 40492)

MARC details
000 -LEADER
fixed length control field 00351nam a2200121Ia 4500
082 ## - DEWEY DECIMAL CLASSIFICATION NUMBER
Classification number NR:33
Item number INT
245 #0 - TITLE STATEMENT
Title International rubber forum: 34th assembly Singapore 16-21 Nov 1992
260 ## - PUBLICATION, DISTRIBUTION, ETC. (IMPRINT)
Place of publication London
Name of publisher IRSG
Year of publication 1992
650 ## - SUBJECT ADDED ENTRY--TOPICAL TERM
Topical Term Rubber wood industry
650 ## - SUBJECT ADDED ENTRY--TOPICAL TERM
Topical Term Synthetic rubber industry
942 ## - ADDED ENTRY ELEMENTS (KOHA)
Koha item type Books
Holdings
Withdrawn status Lost status Damaged status Not for loan Home library Current library Date acquired Cost, normal purchase price Full call number Accession Number Koha item type
        RRII Library RRII Library 16/12/2021 45.00 NR:33 INT 20791 Books